000 00593nam a2200217 i 4500
001 C2-0028618
003 PPAK
005 20190630222015.0
008 970205s1983 enka|||| ||||| | eng d
040 _aPPAK
_beng
_cPPAK
_erda
082 0 4 _a746.4
_223
090 0 0 _a746.4
_bCOM
_dR
245 0 4 _aThe complete book of creative needlecrafts
264 1 _aLondon :
_bOctopus Books ,
_c1983
300 _a237 pages :
_bcolour illustrations ;
_c29 cm
336 _2rdacontent
_atext
337 _2rdamedia
_aunmediated
338 _2rdacarrier
_avolume
650 1 0 _aNeedlework.
942 _ddc
_cB
999 _c5214
_d5214